000 00708nam a2200217 a 4500
001 000021225
005 20200930011252.0
008 100902s1996 mx r 000 j spa d
020 _a9686849114
040 _aDO-SdBNP
_bspa
_cBNPHU
082 _aM863.44
_bS211r
100 1 _aSánchez Mora, Ana María
_944368
245 1 0 _aRelatos de ciencias /
_cAna María Sánchez Mora.
260 _aMéxico :
_bConsejo Nacional para la Cultura y las Artes,
_c1996.
300 _a127 p. ;
_c21 cm.
490 1 _aViajes al centro de las ciencias
_v6
650 4 _aCuentos mexicanos
_911371
650 4 _aLiteratura mexicana
_ySIGLO XX
_99216
830 0 _aViajes al centro de las ciencias ;
_v6
_944369
049 _aBNGR
999 _c20726
_d20726